Statistics for Hangman Game - Guess the World Capital!

Click here to take the quiz!

General Stats

  • This quiz has been taken 707 times
  • The average score is 6 of 7

Answer Stats

Answer% Correct
{I}
98%
{U}
92%
{L}
88%
{N}
88%
{B}
87%
{D}
86%
DUBLIN
75%

Score Distribution

Percentile by Number Answered

Percent of People with Each Score

Your Score History

You have not taken this quiz